| 000 | 01675nam a2200253Ia 4500 | ||
|---|---|---|---|
| 003 | Ost | ||
| 005 | 20260507074941.0 | ||
| 008 | 260507s9999||||xx |||||||||||||| ||und|| | ||
| 020 | _a9957242318 | ||
| 040 | _cfsecg | ||
| 041 | _aara | ||
| 082 | _a658.15 | ||
| 100 |
_aكراجة، عبد الحليم _eمؤلف |
||
| 245 | 0 |
_aالادارة و التحليل المالي : _bاسس ،مفاهيم،تطبيقات / _c عبد الحليم كراجة |
|
| 250 | _aطبعة 2 | ||
| 260 |
_aعمان: _bدار صفاء للنشر و التوزيع, _c2006 |
||
| 300 |
_a319 صفحة؛ _bإيضاحات ؛ _c24 سم |
||
| 520 | _aيعرض هذا الكتاب مايلي : المقدمة – الفصل الأول : الإدارة المالية – الفصل الثاني : السياسات المالية – الفصل الثالث : مصادر التمويل – الفصل الرابع : العوامل المحددة لأنواع التمويل – الفصل الخامس : إدارة الموجودات (الاستثمار) – الفصل السادس : التحليل المالي – الفصل السابع : أدوات التحليل المالي – الفصل الثامن : التحليل المالي بالنسب – الفصل التاسع : تحليل التعادل – الفصل العاشر : تحليل الرفع – الفصل الحادي عشر : التخطيط المالي – الفصل الثاني عشر : الرياضة المالية. | ||
| 653 | _aاقتصاد مالي | ||
| 653 | _aالرياضات المالية | ||
| 653 | _aتحليل مالي | ||
| 700 |
_aربابعة، علي _eمؤلف ثانوي |
||
| 942 | _cكتاب | ||
| 999 |
_c41935 _d41935 |
||